|
|
|
|
| LEADER |
00882nab#a2200313#ar4500 |
| 001 |
000016821 |
| 003 |
SVKKK |
| 005 |
00000000000000.0 |
| 008 |
c xo e sloo |
| FMT |
|
|
|
| 038 |
|
|
|a SVKKK
|
| 040 |
|
|
|a SVKKK
|b slo
|e AACR2
|
| 041 |
0 |
|
|a slo
|
| 044 |
|
|
|a xo
|c SK
|
| 080 |
|
|
|a 323.11
|2 1981
|
| 080 |
|
|
|a 791.44.07
|2 1981
|
| 100 |
1 |
|
|a Jablonický, Viliam
|4 aut
|
| 245 |
1 |
0 |
|a Korene na Slovensku (2) :
|b Malý sprievodca osobnosťami svetového filmu, pochádzajúcimi z našej krajiny
|c Jablonický Viliam,
|
| 300 |
|
|
|b Fotogr. 7
|
| 650 |
0 |
4 |
|a umelci filmoví
|z Slováci v zahraničí
|z Slovensko východné
|x osobnosti
|x prehľěady
|
| 773 |
0 |
|
|t Slovensko
|g Roč. 31, č. 3(1997), s. 55-57
|
| 957 |
|
|
|a Slovensko východné
|
| 958 |
|
|
|a RE
|
| 958 |
|
|
|a VS
|
| 974 |
|
|
|d 980213
|a SAB
|
| 992 |
|
|
|a RBX
|
| BAS |
|
|
|
| 852 |
|
|
|a SVKKK
|b BIB
|
| 998 |
|
|
|a REG
|